000 01272nam a2200289Ia 4500
001 C7488
003 IT-RoPAU
008 130308s9999 xx 000 0 und d
040 _aIT-RoPAU
040 _cIT-RoPAU
041 _aITALIANO
100 _aPesce Alberto
100 _gCodice Aut. SPICS: 2682
245 _aFamiglia (La): il mondo tra le mura di casa
245 _bCapolavori raccontano un Secolo di Cinema (I)
250 _a1a ed.
260 _aALBA
260 _bPeriodici San Paolo
260 _c1994 [1° Ed.:1994 - Ed.Ling.Originale:1994]
300 _a"16 p. (prefazione: no ; testo: 16 [pagine: 101-116])"
500 _aScuola dei Sentimenti: Schema Tradizionale e Borghese, Poi Luogo D'Inquietudini Sociali e Crisi Personali. Schede e Note Critiche Sui Film: Family Life (1971) di Ken Loach, L'Albero degli zoccoli (1978) di Ermanno Olmi, Kramer contro Kramer (1979) di Robert Benton, la Famiglia (1987) di Ettore Scola, la Guerra dei Roses (1989) di Danny De Vito, a Proposito di Henry (1991)Di Mike Nichols. Note biografiche su Ingmar Bergman. legami d'amore e di Carriera. Russia tra Documento e Spettacolo.
650 _aGENERI CINEMATOGRAFICI
650 _eCodice materia Spics: 6810
942 _cBK
957 _71
999 _c83659
_d83659
999 _g1